000 00586nam a2200205Ia 4500
005 20250508164800.0
008 008 250505s9999 xx 000 0 eng d
020 _a978-81-89901-62-2
037 _aReference
040 _aFEDL
_beng
_cFEDL
041 _aeng
_2eng
084 _a370.1523, ALL/RR
_qFEDL
100 _aAllan Barbara
245 0 _aBlended learning : Tools for teaching and training
260 _aLondon, UK
_bFacet Publishing
_c2007
300 _aix,227p.
365 _aGBP
_b40.95
942 _cREF
_h370.1523, ALL/RR
999 _c1391127
_d1391127